000 00911 a2200157 4500
003 Nust
005 20170207153502.0
040 _cNust
082 _a954
245 _aOfficial Account of the Abor Expedition
_bFrontier and Over seas Expeditions from India
_cGeneral Staff
260 _aIndia
_bSimla
_c1913
300 _a240:p
505 _aPolitical Events Leading Up to the Expedition (Page 1-4) Geography Tribes Climate and Season for Operations (Page 5-11) Narrative of the Murder of Mr Williamson and Dr Gregorson and Events Previous to The Expeditions (Page 13-16) Objects of the Expedition and Plan of Campaign (Page 17-21) Choice of Base and Preparations (Page 23-27) First Phase of the Operations (Page 29-47) Preview of Military Operations (Page 49-52) Second Phase of the Operations (Page 53-67) Results of the Expeditions (Page 69-71)
538 _aAlmirah No.62 Shelf No.3
650 _aExpedition India
942 _2ddc
_cBK
999 _c187367
_d187367